| Поле | Название | Значение |
| |
Тип записи |
a |
| |
Библиографический уровень |
m |
| 001 |
Контрольный номер |
RU/CBS_UL/BASE/65446381c30948a2a19a5759bcb438be |
| 005 |
Дата корректировки |
20250116132843.7 |
| 010 |
Индекс ISBN |
__ |
| a |
ISBN |
|
| b |
Уточнения |
в пер. |
| d |
Цена |
2 р. 30 к. |
| 9 |
Тираж |
10 000 экз. |
| 100 |
Данные общей обработки |
__ |
| a |
Данные общей обработки |
20250116d 0rusy0189## ca |
| 101 |
Язык документа |
0_ |
| a |
Язык текста |
rus |
| 102 |
Страна публикации |
__ |
| a |
Страна публикации |
RU |
| 200 |
Заглавие и сведения об ответственности |
1_ |
| a |
Заглавие |
Переписка В.И. Ленина и руководимых им учреждений РСДРП с партийными организациями, 1905-1907 гг. |
| h |
Номер части |
Т.3. Июль - август 1905 г. Кн. 2. 3 августа (21 июля) - 31 (18) августа 1905 г. |
| e |
Сведения, относящиеся к заглавию |
сборник документов |
| e |
Сведения, относящиеся к заглавию |
в 5 т. |
| g |
Последующие сведения об ответственности |
Институт марксизма-ленинизма при ЦК КПСС |
| 210 |
Выходные данные |
1_ |
| a |
Место издания |
Москва |
| c |
Издательство |
Мысль |
| d |
Дата издания |
1986 |
| 215 |
Физическое описание |
__ |
| a |
Объем |
420 с. |
| d |
Формат |
22 см. |
| 300 |
Общие примечания |
__ |
| a |
Общие примечания |
В надзаг. также: Центр. гос. архив Окт. революции, высш. органов гос. власти и органов гос. упр. СССР, Ин-т истории СССР АН СССР |
| 300 |
Общие примечания |
__ |
| a |
Общие примечания |
Под инв. номером 18007: 3-1 |
| 300 |
Общие примечания |
__ |
| a |
Общие примечания |
16+ |
| 606 |
Тематические рубрики |
0_ |
| a |
Основная рубрика |
КПСС - История, 1905-1907 гг. - Документы |
| 610 |
Ключевые слова |
0_ |
| a |
Ключевые слова |
история КПСС; сборник документов; письма; переписка; революция 1905-1907 гг. в России |
| 686 |
Индексы других классификаций |
__ |
| 2 |
Код системы |
rubbk |
| a |
Классификационный индекс |
63.3(2)6-8Ленин1 |
| 801 |
Источник записи |
_0 |
| a |
Страна |
RU |
| b |
Организация |
МБУК ЦБС г. Ульяновска |
| c |
Дата составления |
20250116 |
| g |
Правила каталогизации |
RCR |
| 801 |
Источник записи |
_1 |
| a |
Страна |
RU |
| b |
Организация |
МБУК ЦБС г. Ульяновска |
| c |
Дата составления |
20250116 |
| g |
Правила каталогизации |
RCR |
| 852 |
Данные о местонахождении |
__ |
| i |
Авторский знак |
П 27 |
| j |
Шифр хранения |
63.3(2)6-8Ленин1 |
| 901 |
Тип документа |
__ |
| t |
Тип документа |
m |
| 909 |
Создатель записи |
__ |
| a |
Создатель записи |
obr2 |
| b |
Дата создания записи |
20250116 |